Proyectos de lei y discursos parlamentarios, primera parte

Guardat en:
Dades bibliogràfiques
Autor principal: Lastarria, José Victorino (Autor)
Format: Llibre
Idioma:espanyol
Publicat: Santiago Barcelona 1907
Col·lecció:Obras Completas de don J. V. Lastarria, 3
Matèries:
Etiquetes: Afegir etiqueta
Sense etiquetes, Sigues el primer a etiquetar aquest registre!

MARC

LEADER 00000nam a2200000 a 4500
001 UCH2817
003 CL-VaPUC
008 090702e19070000CL |||||||||||||||||spa|d
082 0 4 |a 328.39  |b LAS  |2 21 
100 |a Lastarria, José Victorino  |e author  |9 312043 
245 1 0 |a Proyectos de lei y discursos parlamentarios, primera parte 
300 |a 424 p 
942 |c BK 
945 |d 20090702 00:00:00  |a rbrito 
260 |a Santiago  |b Barcelona  |c 1907 
650 7 |a PROYECTOS DE LEY  |2 CL-VaPUC  |9 388710 
650 7 |a CONSTITUCION POLITICA DE 1858  |2 CL-VaPUC  |9 537881 
650 7 |a DISCURSOS PARLAMENTARIOS  |2 CL-VaPUC  |9 504230 
583 |a last modification  |c 20131001 03:59:11  |k Rodrigo Vera 
490 0 |a Obras Completas de don J. V. Lastarria, 3 
999 |c 334507  |d 334505 
952 |0 0  |1 0  |4 0  |6 328_390000000000000_LAS_1907  |7 0  |8 X  |9 423587  |a FDOBUD  |b FDOBUD  |d 2019-11-22  |i 4568028  |o 328.39 LAS 1907  |p 4568028  |r 2019-11-22  |w 2019-11-22  |y BK_X  |k BUD